ბათუმის შოთა რუსთაველის სახელმწიფო უნივერსიტეტის ბიბლიოთეკა

ბუკოლიკები ; გეორგიკები ; ენეიდა = Bucolica = Georgica = Aeneis / (ბიბ.ჩანაწერი № 54997)

000 -ლიდერი
ფიქსირებული სიგრძის საკონტროლო ველი 01987nam a2200301Ia 4500
001 - საკონტროლო ნომერი
საკონტროლო ველი 22068
003 - საკონტროლო ნომრის იდენტიფიკატორი
საკონტროლო ველი GE_BSU
005 - ბოლო ოპერაციის თარიღი და დრო
საკონტროლო ველი 20221012113020.0
008 - ფიქსირებული სიგრძის მონაცემთა ელემენტები - ზოგადი ინფორმაცია
ფიქსირებული სიგრძის საკონტროლო ველი 181216s ||||ge |||||||||||||| ||geo||
020 ## - წიგნის საერთაშორისო სტანდარტული ნომერი
International Standard Book Number 9789941437045
040 ## - კატალოგიზაციის წყარო
Transcribing agency GE_BSU
041 ## - ენის კოდი
Language code of text/sound track or separate title geo
080 ## - უნივერსალური ათობითი კლასიფიკაციის ინდექსი
Universal Decimal Classification number 821.124-1 ვ-35
100 ## - მთავარი ჩანაწერი - პიროვნების სახელი
Personal name ვერგილიუს მარონი, პუბლიუს
9 (RLIN) 15277
245 ## - ცნობა სათაურის შესახებ
Title ბუკოლიკები ; გეორგიკები ; ენეიდა = Bucolica = Georgica = Aeneis /
Statement of responsibility, etc შესავ. წერილი, ლათ. ტექსტის კომენტარები და ლათინურ-ქართული ლექსიკონი იამზე გაგუასი ; რედ. ქეთევან გარდაფხაძე.
264 ## - წარმოების, გამოცემის, დისტრიბუციის და სხვა ცნობები
გამოცემის, წარმოების, დისტრიბუციის... ადგილი თბილისი :
გამოცემის, წარმოების, დისტრიბუციის... სახელწოდება ლოგოსი,
გამოცემის, წარმოების, დისტრიბუციის... თარიღი 2011.
300 ## - ფიზიკური აღწერა
Extent 198 გვ. ;
Dimensions 19 სმ.
501 ## - შენიშვნა თანმხლებ მასალაზე
With note კომენტარები გვ. 92-98
501 ## - შენიშვნა თანმხლებ მასალაზე
With note ლათინურ-ქართული ლექსიკონი გვ. 99-195
653 ## - INDEX TERM--UNCONTROLLED
Uncontrolled term ბუკოლიკები ; გეორგიკები ; ენეიდა = Bucolica = Georgica = Aeneis
653 ## - INDEX TERM--UNCONTROLLED
Uncontrolled term ლათინური ლიტერატურა
653 ## - INDEX TERM--UNCONTROLLED
Uncontrolled term პუბლიკაციები და ღონისძიებები კლასიკური ფილოლოგიის, ბიზანტინისტიკისა და ნეოგრეცისტიკის სფეროში
653 ## - INDEX TERM--UNCONTROLLED
Uncontrolled term რომაელი ავტორები
700 ## - ADDED ENTRY--PERSONAL NAME
Personal name გარდაფხაძე, ქეთევან
Relator term რედაქტორი
9 (RLIN) 13898
710 ## - ADDED ENTRY--CORPORATE NAME
Corporate name or jurisdiction name as entry element თსუ
Subordinate unit კლასიკური ფილოლოგიის ბიზანტიკისა და ნეოგრეცისტიკის ინსტიტუტი
9 (RLIN) 3644
942 ## - ADDED ENTRY ELEMENTS (KOHA)
Koha item type წიგნი
Source of classification or shelving scheme
ეგზემპლარები
ჩამოწერის სტატუსი დაკარგული ეგზემპლარის სტატუსი კლასიფიკაციის წყარო ან თაროზე გაწყობის სქემა დაზიანების სტატუსი არ გაიცემა მუდმივი მდებარეობა (დაცვის ადგილი) ამჟამინდელი ადგილსამყოფელი თაროზე განთავსების ადგილი შეძენის თარიღი ღირებულება, შესყიდვის ნორმალური ფასი სრული შენახვის შიფრი შტრიხკოდი ბოლო ოპერაციის თარიღი ეგზემპლარის მიმდევრობითი ნომერი (კეტერი?) ფასის ძალაში შესვლის თარიღი ეგზემპლარის სახეობა საჯარო შენიშვნა
          ბათუმის შოთა რუსთაველის სახელმწიფო უნივერსიტეტის მთავარი ბიბლიოთეკა ბათუმის შოთა რუსთაველის სახელმწიფო უნივერსიტეტის მთავარი ბიბლიოთეკა წიგნსაცავი 2018-12-17 5.80 821.124-1 ვ-35 56894 2018-12-17 56894 2018-12-17 წიგნი 5.80 ₾.
          ბათუმის შოთა რუსთაველის სახელმწიფო უნივერსიტეტის მთავარი ბიბლიოთეკა ბათუმის შოთა რუსთაველის სახელმწიფო უნივერსიტეტის მთავარი ბიბლიოთეკა წიგნსაცავი 2018-12-17 5.80 821.124-1 ვ-35 56895 2018-12-17 56895 2018-12-17 წიგნი 5.80 ₾.
          ბათუმის შოთა რუსთაველის სახელმწიფო უნივერსიტეტის მთავარი ბიბლიოთეკა ბათუმის შოთა რუსთაველის სახელმწიფო უნივერსიტეტის მთავარი ბიბლიოთეკა წიგნსაცავი 2018-12-17 5.80 821.124-1 ვ-35 56896 2018-12-17 56896 2018-12-17 წიგნი 5.80 ₾.